[Event "St Petersburg Korchnoi Memorial op"]
[Site "St Petersburg"]
[Date "2023.08.19"]
[Round "3"]
[White "Averyanov, Grigori"]
[Black "Zvjaginsev, Vadim"]
[Result "0-1"]
[WhiteElo "2173"]
[BlackElo "2578"]
[PlyCount "64"]
[EventDate "2023.08.18"]
[EventType "swiss"]
[EventRounds "9"]
[EventCountry "RUS"]
[SourceTitle "CBM 216 Extra"]
[Source "ChessBase"]
[SourceDate "2023.11.30"]
[SourceVersion "1"]
[SourceVersionDate "2023.11.30"]
[SourceQuality "1"]

1. Nf3 Nf6 2. g3 b5 3. Bg2 Bb7 4. 0-0 e6 5. d3 d6 6. e4 Be7 7. c3 Nbd7 8. Nd4 c6 9. g4 g6 10. f4 e5 11. Nc2 c5 12. f5 h6 13. h4 g5 14. hxg5 hxg5 15. Qe2 c4 16. Bxg5 cxd3 17. Qxd3 Nxg4 18. Be3 Nxe3 19. Nxe3 Qb6 20. Nd2 Bg5 21. Rfe1 Nf6 22. a4 a6 23. Ndf1 Rd8 24. a5 Qa7 25. c4 b4 26. Rad1 Qc5 27. Bf3 Ke7 28. Kf2 Rh4 29. Ng3 Rg8 30. Rh1 Rxh1 31. Nxh1 Bxe3+ 32. Qxe3 Rg2+ 0-1

[Event "St Petersburg Korchnoi Memorial op"]
[Site "St Petersburg"]
[Date "2023.08.19"]
[Round "2"]
[White "Smikovski, Semen"]
[Black "Averyanov, Grigori"]
[Result "0-1"]
[WhiteElo "1919"]
[BlackElo "2173"]
[PlyCount "106"]
[EventDate "2023.08.18"]
[EventType "swiss"]
[EventRounds "9"]
[EventCountry "RUS"]
[SourceTitle "CBM 216 Extra"]
[Source "ChessBase"]
[SourceDate "2023.11.30"]
[SourceVersion "1"]
[SourceVersionDate "2023.11.30"]
[SourceQuality "1"]

1. e4 g6 2. d4 Bg7 3. Nf3 d6 4. c3 Nf6 5. Bd3 0-0 6. 0-0 Nc6 7. Re1 e5 8. h3 Re8 9. Qb3 a5 10. Bd2 a4 11. Qc2 Nh5 12. Be3 exd4 13. cxd4 Nb4 14. Qd2 Nxd3 15. Qxd3 b6 16. Nc3 a3 17. b3 Bb7 18. Rad1 Nf6 19. Bc1 Ra5 20. Nd2 Ba6 21. Qf3 Nd7 22. b4 Rh5 23. Nf1 Bxf1 24. Rxf1 f5 25. e5 Kh8 26. exd6 cxd6 27. Bxa3 Rh4 28. Qd5 Nf6 29. Qb3 g5 30. Bc1 g4 31. Bg5 Rh5 32. h4 Bh6 33. Bxh6 Rxh6 34. g3 f4 35. Rde1 Rf8 36. Qe6 Rh5 37. Ne2 Re8 38. Qf7 Rf8 39. Qe6 Nd5 40. Qxg4 Rhf5 41. Qh3 f3 42. Nc1 Nf4 43. Qh2 Rg8 44. Re4 Qa8 45. Re3 Ng2 46. Rxf3 Rxf3 47. Qxg2 Qe4 48. Nb3 Qd3 49. Nc1 Qf5 50. Ne2 Rf8 51. Kh1 Qd3 52. Nf4 R3xf4 53. gxf4 Rg8 0-1

[Event "St Petersburg Korchnoi Memorial op"]
[Site "St Petersburg"]
[Date "2023.08.18"]
[Round "1"]
[White "Averyanov, Grigori"]
[Black "Ponomarev, Egor1"]
[Result "1-0"]
[WhiteElo "2173"]
[BlackElo "1653"]
[PlyCount "99"]
[EventDate "2023.08.18"]
[EventType "swiss"]
[EventRounds "9"]
[EventCountry "RUS"]
[SourceTitle "CBM 216 Extra"]
[Source "ChessBase"]
[SourceDate "2023.11.30"]
[SourceVersion "1"]
[SourceVersionDate "2023.11.30"]
[SourceQuality "1"]

1. d4 Nf6 2. c4 g6 3. Nc3 Bg7 4. Nf3 0-0 5. e3 d6 6. Be2 Nbd7 7. 0-0 e5 8. Qc2 Re8 9. b3 e4 10. Nd2 Qe7 11. Bb2 Nf8 12. Nd5 Nxd5 13. cxd5 Bf5 14. Rfc1 Rac8 15. Nc4 h5 16. Na5 Nh7 17. Nxb7 Ng5 18. Bf1 Bh6 19. Na5 Qf6 20. Nc6 Ra8 21. Bc3 Nf3+ 22. Kh1 Qh4 23. h3 Bxh3 24. gxh3 g5 25. Bg2 g4 26. Rf1 Kh8 27. Ne5 dxe5 28. dxe5 Bg7 29. Qxe4 Ng5 30. Qf4 Nxh3 31. Bxh3 Qxh3+ 32. Kg1 Rad8 33. Rad1 h4 34. e6 Bxc3 35. exf7 Bg7 36. fxe8Q+ Rxe8 37. Qh2 Qf3 38. Qxh4+ Kg8 39. d6 cxd6 40. Rxd6 g3 41. Rd8 gxf2+ 42. Rxf2 Qxe3 43. Qc4+ Kh7 44. Qd3+ Re4 45. Qxe3 Rxe3 46. Rd7 Re1+ 47. Kg2 Kg6 48. Rxa7 Bd4 49. Ra6+ Kg7 50. Rd2 1-0

[Event "EU-ch Online 2300+ Qual"]
[Site "Chess.com INT"]
[Date "2020.05.29"]
[Round "5"]
[White "Averyanov, Grigori"]
[Black "Dziuba, Marcin"]
[Result "0-1"]
[WhiteElo "2274"]
[BlackElo "2585"]
[PlyCount "96"]
[EventDate "2020.05.29"]
[EventType "swiss"]
[EventRounds "8"]
[EventCountry "NET"]
[SourceTitle "CBM 196 Extra"]
[Source "ChessBase"]
[SourceDate "2020.07.31"]
[SourceVersion "1"]
[SourceVersionDate "2020.07.31"]
[SourceQuality "1"]

1. d4 Nf6 2. c4 g6 3. Nc3 Bg7 4. e4 0-0 5. Nf3 d6 6. Be2 e5 7. 0-0 Nc6 8. d5 Ne7 9. Ne1 Nd7 10. Be3 f5 11. f3 f4 12. Bf2 g5 13. Nd3 Rf6 14. g4 fxg3 15. hxg3 h5 16. Kg2 Ng6 17. Be3 h4 18. g4 Nf4+ 19. Kh2 Nf8 20. c5 N8g6 21. cxd6 cxd6 22. Nb5 a6 23. Nc3 Bd7 24. a4 Rf8 25. a5 Bf6 26. Na4 Bxa4 27. Rxa4 Rc8 28. Bb6 Qd7 29. Ra1 Bd8 30. Be3 Rb8 31. Ba7 Ra8 32. Be3 b6 33. axb6 Qb7 34. Ra3 a5 35. Rb3 Nxe2 36. Qxe2 Ra6 37. Qd2 Bxb6 38. Bxg5 Bg1+ 39. Kxg1 Qxb3 40. Nc1 Qb6+ 41. Be3 Qb5 42. Nd3 Raa8 43. f4 exf4 44. Bxf4 Ra7 45. Rc1 Nxf4 46. Nxf4 Raf7 47. Rf1 Qb4 48. Qe3 Qc5 0-1

[Event "EU-ch Online 2300+ Qual"]
[Site "Chess.com INT"]
[Date "2020.05.29"]
[Round "7"]
[White "Dourerassou, Jonathan"]
[Black "Averyanov, Grigori"]
[Result "0-1"]
[WhiteElo "2477"]
[BlackElo "2274"]
[PlyCount "140"]
[EventDate "2020.05.29"]
[EventType "swiss"]
[EventRounds "8"]
[EventCountry "NET"]
[SourceTitle "CBM 196 Extra"]
[Source "ChessBase"]
[SourceDate "2020.07.31"]
[SourceVersion "1"]
[SourceVersionDate "2020.07.31"]
[SourceQuality "1"]

1. e4 c5 2. Nf3 d6 3. d4 cxd4 4. Nxd4 Nf6 5. Nc3 Nc6 6. g3 e5 7. Nde2 Be6 8. Bg2 Be7 9. 0-0 0-0 10. h3 a5 11. g4 h6 12. Be3 a4 13. Nd5 Nd7 14. c4 Bg5 15. Nec3 Bxe3 16. fxe3 Nc5 17. Qe2 Qg5 18. Rad1 Rad8 19. Nb5 h5 20. gxh5 Bxh3 21. Nbc3 Bg4 22. Qe1 Bxd1 23. Qxd1 f5 24. exf5 Rxf5 25. Rxf5 Qxf5 26. b4 axb3 27. axb3 Rf8 28. Qe2 Nxb3 29. Ne4 Nc5 30. Nxd6 Qg5 31. Kh2 e4 32. Kh1 Qe5 33. Nb5 Nd3 34. Nbc3 Nf2+ 35. Kg1 Qg3 36. Nf4 Rxf4 37. exf4 Nh3+ 38. Kh1 Qxc3 39. Bxe4 Nxf4 40. Bd5+ Kf8 41. Qe4 Qh3+ 42. Kg1 Qg3+ 43. Kh1 Qh4+ 44. Kg1 Nh3+ 45. Kg2 Qxe4+ 46. Bxe4 Ng5 47. Bd5 Ke7 48. Kg3 Kf6 49. Kf4 Ne6+ 50. Ke4 Nc5+ 51. Kf4 Ne7 52. Bf3 b6 53. Be2 Nc8 54. Bf3 Nd6 55. Bd5 Nb3 56. Bg8 Na5 57. Ke3 Naxc4+ 58. Kd4 Ne5 59. Kd5 Nf5 60. Bh7 Nd7 61. Kc6 Nf8 62. h6 gxh6 63. Bg8 Ne7+ 64. Kxb6 Nxg8 65. Kc5 Kf5 66. Kd4 Kf4 67. Kd3 Kf3 68. Kd2 h5 69. Ke1 Kg2 70. Ke2 h4 0-1

[Event "EU-ch Online U2300 Final"]
[Site "Chess.com INT"]
[Date "2020.05.26"]
[Round "1"]
[White "Labiano Hernandez, Juan"]
[Black "Averyanov, Grigori"]
[Result "0-1"]
[WhiteElo "2158"]
[BlackElo "2274"]
[PlyCount "84"]
[EventDate "2020.05.26"]
[EventType "swiss"]
[EventRounds "8"]
[EventCountry "NET"]
[SourceTitle "CBM 196 Extra"]
[Source "ChessBase"]
[SourceDate "2020.07.31"]
[SourceVersion "1"]
[SourceVersionDate "2020.07.31"]
[SourceQuality "1"]

1. e4 c5 2. Nf3 d6 3. d4 cxd4 4. Qxd4 Nc6 5. Bb5 Bd7 6. Bxc6 bxc6 7. c4 Nf6 8. Nc3 g6 9. 0-0 Bg7 10. Qd3 0-0 11. b3 h6 12. Bb2 Be6 13. Rad1 Nd7 14. Nd4 Nc5 15. Qe2 Bd7 16. Kh1 Ne6 17. Nxe6 Bxe6 18. Na4 Qa5 19. Bxg7 Kxg7 20. f4 f6 21. Rfe1 Rad8 22. h3 Bf7 23. e5 dxe5 24. Rxd8 Rxd8 25. fxe5 Rd2 26. exf6+ exf6 27. Qe7 Qg5 28. Rg1 f5 29. Qxa7 f4 30. Qc5 Qf6 31. Rf1 g5 32. Rf2 Rd1+ 33. Kh2 Qa1 34. g4 Rh1+ 35. Kg2 Qg1+ 36. Kf3 Rxh3+ 37. Ke4 Re3+ 38. Qxe3 fxe3 39. Kxe3 Qxg4 40. Nc5 Qg3+ 41. Rf3 Qe5+ 42. Ne4 Bg6 0-1

[Event "EU-ch Online U2300 Qual"]
[Site "Chess.com INT"]
[Date "2020.05.25"]
[Round "4"]
[White "Albu, George"]
[Black "Averyanov, Grigori"]
[Result "0-1"]
[WhiteElo "2142"]
[BlackElo "2274"]
[PlyCount "63"]
[EventDate "2020.05.25"]
[EventType "swiss"]
[EventRounds "8"]
[EventCountry "NET"]
[SourceTitle "EXT 2021"]
[Source "ChessBase"]
[SourceDate "2020.10.23"]
[SourceVersion "1"]
[SourceVersionDate "2020.10.23"]
[SourceQuality "1"]

1. d4 Nf6 2. c4 e6 3. Nc3 Bb4 4. e3 c5 5. Bd3 Nc6 6. Nf3 d5 7. 0-0 0-0 8. a3 Ba5 9. Qe2 cxd4 10. exd4 dxc4 11. Bxc4 Nxd4 12. Nxd4 Qxd4 13. Rd1 Qh4 14. Nb5 Ng4 15. h3 Nxf2 16. Rd4 Nxh3+ 17. gxh3 Bb6 18. Be3 Qg3+ 19. Kf1 Qxh3+ 20. Kf2 a6 21. Nc3 Bxd4 22. Bxd4 Qh4+ 23. Ke3 e5 24. Bc5 Bg4 25. Qg2 Qg5+ 26. Kf2 Qf4+ 27. Kg1 Qxc4 28. Bxf8 Rxf8 29. Re1 Be6 30. Ne4 f5 31. Ng5 Qd4+ 32. Kh2 0-1

[Event "EU-ch Online U2300 Qual"]
[Site "Chess.com INT"]
[Date "2020.05.25"]
[Round "7"]
[White "Averyanov, Grigori"]
[Black "Dmitrenko, Viktor"]
[Result "1-0"]
[WhiteElo "2274"]
[BlackElo "2456"]
[PlyCount "65"]
[EventDate "2020.05.25"]
[EventType "swiss"]
[EventRounds "8"]
[EventCountry "NET"]
[SourceTitle "EXT 2021"]
[Source "ChessBase"]
[SourceDate "2020.10.23"]
[SourceVersion "1"]
[SourceVersionDate "2020.10.23"]
[SourceQuality "1"]

1. d4 Nf6 2. c4 e6 3. g3 d5 4. Nf3 Bb4+ 5. Bd2 Be7 6. Bg2 0-0 7. Nc3 dxc4 8. e4 Nc6 9. Be3 b5 10. Nxb5 Rb8 11. Nc3 Rxb2 12. 0-0 Rb8 13. Qa4 Nb4 14. a3 Bd7 15. Qd1 Nd3 16. Nd2 c5 17. dxc5 Nxc5 18. Nxc4 Bc6 19. Qxd8 Rfxd8 20. e5 Nd5 21. Nxd5 exd5 22. Nd6 Nb3 23. Rab1 a5 24. Rfd1 d4 25. Bxc6 dxe3 26. fxe3 Bg5 27. Kf2 Nc5 28. Rxb8 Rxb8 29. Bd5 Rb2+ 30. Kf3 Ne6 31. Rc1 h5 32. Rc8+ Kh7 33. Nxf7 1-0

[Event "EU-ch Online U2300 Qual"]
[Site "Chess.com INT"]
[Date "2020.05.25"]
[Round "5"]
[White "Averyanov, Grigori"]
[Black "Tokarev, Sergey"]
[Result "1/2-1/2"]
[WhiteElo "2274"]
[BlackElo "1438"]
[PlyCount "82"]
[EventDate "2020.05.25"]
[EventType "swiss"]
[EventRounds "8"]
[EventCountry "NET"]
[SourceTitle "EXT 2021"]
[Source "ChessBase"]
[SourceDate "2020.10.23"]
[SourceVersion "1"]
[SourceVersionDate "2020.10.23"]
[SourceQuality "1"]

1. d4 e6 2. c4 c5 3. d5 b5 4. cxb5 Bb7 5. e4 Nf6 6. Nc3 exd5 7. exd5 Bd6 8. Bc4 0-0 9. Nge2 a6 10. h3 Re8 11. 0-0 Be5 12. Be3 d6 13. Qd3 Qb6 14. a4 axb5 15. Nxb5 Na6 16. Qb3 h6 17. Nec3 Qd8 18. Rfe1 Nb4 19. f4 Bxc3 20. Nxc3 Rb8 21. Qd1 Ba6 22. Bxa6 Nxa6 23. Qd2 Qb6 24. Nb5 Nb4 25. Qxb4 Rxe3 26. Qd2 Rb3 27. Kh1 Rxb5 28. axb5 Qxb5 29. Qe2 Qb3 30. Qa6 Qxd5 31. Rad1 Qh5 32. Qxd6 Rxb2 33. Qc6 Qg6 34. Rd8+ Kh7 35. Qa8 Qg3 36. Rh8+ Kg6 37. Rf1 Rf2 38. Rxf2 Qxf2 39. Qa4 Qe1+ 40. Kh2 Ng4+ 41. hxg4 Qh4+ 1/2-1/2

[Event "CHN-RUS U14 rapid"]
[Site "Jinan"]
[Date "2019.12.13"]
[Round "5.3"]
[White "Zhang, Di"]
[Black "Averyanov, Grigori"]
[Result "1-0"]
[WhiteElo "2013"]
[BlackElo "2274"]
[PlyCount "205"]
[EventDate "2019.12.12"]
[EventType "team-schev (rapid)"]
[EventRounds "8"]
[EventCountry "CHN"]
[SourceTitle "CBM 193 Extra"]
[Source "ChessBase"]
[SourceDate "2020.01.31"]
[SourceVersion "1"]
[SourceVersionDate "2020.01.31"]
[SourceQuality "1"]
[WhiteTeam "China"]
[BlackTeam "Russia"]
[WhiteTeamCountry "CHN"]
[BlackTeamCountry "RUS"]

1. Nf3 Nf6 2. g3 e6 3. Bg2 d5 4. 0-0 b5 5. d3 Bb7 6. Nbd2 c5 7. c3 Nbd7 8. a4 a6 9. Qc2 Bd6 10. e4 0-0 11. Re1 Qc7 12. exd5 exd5 13. axb5 axb5 14. Rxa8 Rxa8 15. Nh4 g6 16. Nf1 Ra1 17. Nf3 Qc8 18. h3 Bf8 19. Ne3 Qa8 20. Qe2 h6 21. Nc2 Ra6 22. Qd1 Qd8 23. b4 Re6 24. Rxe6 fxe6 25. bxc5 Nxc5 26. Ncd4 Qe8 27. Qe2 Bd6 28. Bxh6 e5 29. Nc2 e4 30. dxe4 Ncxe4 31. Qd3 Qc8 32. Bg5 Nd7 33. Qxb5 Nxc3 34. Qd3 Ne4 35. Ne3 Qc1+ 36. Nf1 Qc5 37. Be3 Qc7 38. Nd4 Ne5 39. Qb3 Qf7 40. Nb5 Bf8 41. Nd4 Nc4 42. Bxe4 dxe4 43. Qc2 Bd5 44. Ne2 Ne5 45. Nd2 Nf3+ 46. Nxf3 Qxf3 47. Nf4 Bf7 48. h4 Bg7 49. Nh3 Bf6 50. Qc6 Qd1+ 51. Kh2 Qf3 52. Qd6 Qf5 53. Ng1 Be6 54. Qb8+ Kh7 55. Qc7+ Kg8 56. Qb8+ Kh7 57. Qa7+ Kg8 58. Qa8+ Kh7 59. Kg2 Qg4 60. Qb7+ Kg8 61. Qb8+ Kh7 62. Qb7+ Kg8 63. Qb8+ Kh7 64. Qc7+ Kg8 65. Qf4 Qxf4 66. Bxf4 Bg4 67. Be3 Kf7 68. Kf1 Ke6 69. Ne2 Bxe2+ 70. Kxe2 Kf5 71. Kf1 Kg4 72. Ke2 Bg7 73. Bg5 Bd4 74. Be3 Bg7 75. Bf4 Bd4 76. Bg5 Bc5 77. Be3 Bf8 78. Bg5 Bc5 79. Bf6 Bb6 80. Bg5 Bd4 81. Bc1 Bc5 82. Bb2 Bb6 83. Bf6 Bc5 84. Bg5 Bd4 85. Be3 Bg7 86. Bc5 Bh6 87. Ba3 Kf5 88. f3 exf3+ 89. Kxf3 Ke6 90. Bb4 Bc1 91. Ke4 Bb2 92. Bd2 Be5 93. Bf4 Bb2 94. Bb8 Bc3 95. Kf4 Bd2+ 96. Kg4 Bc3 97. Kg5 Kf7 98. Kh6 Bg7+ 99. Kh7 Bf6 100. Bf4 Bc3 101. g4 Bg7 102. g5 Kf8 103. Kxg6 1-0

[Event "CHN-RUS U14 rapid"]
[Site "Jinan"]
[Date "2019.12.12"]
[Round "2.8"]
[White "Chen, Yining"]
[Black "Averyanov, Grigori"]
[Result "0-1"]
[WhiteElo "1826"]
[BlackElo "2274"]
[PlyCount "88"]
[EventDate "2019.12.12"]
[EventType "team-schev (rapid)"]
[EventRounds "8"]
[EventCountry "CHN"]
[SourceTitle "CBM 193 Extra"]
[Source "ChessBase"]
[SourceDate "2020.01.31"]
[SourceVersion "1"]
[SourceVersionDate "2020.01.31"]
[SourceQuality "1"]
[WhiteTeam "China"]
[BlackTeam "Russia"]
[WhiteTeamCountry "CHN"]
[BlackTeamCountry "RUS"]

1. d4 Nf6 2. c4 e6 3. Nf3 Bb4+ 4. Nbd2 d5 5. e3 0-0 6. a3 Be7 7. Bd3 dxc4 8. Nxc4 Nbd7 9. b3 c5 10. Bb2 b6 11. 0-0 Bb7 12. Qe2 cxd4 13. Nxd4 Nc5 14. Bc2 a6 15. b4 Nce4 16. f3 Nd6 17. Ne5 Rc8 18. Bb3 Nd5 19. Rac1 Bf6 20. Nd3 Bxd4 21. exd4 Nf5 22. Rxc8 Qxc8 23. Rc1 Qd8 24. Qd2 Qh4 25. Bxd5 Bxd5 26. Qf4 Qd8 27. Qc7 Ne3 28. Ne5 Qg5 29. Ng4 Nxg2 30. Kxg2 Qxg4+ 31. Qg3 Bxf3+ 32. Kf2 Qxg3+ 33. hxg3 Bd5 34. Rc7 Ra8 35. Ke3 g5 36. Bc1 Kg7 37. Kd3 Kg6 38. Be3 h5 39. Bf2 Rh8 40. Rc1 h4 41. gxh4 gxh4 42. Rg1+ Kf6 43. Be3 h3 44. Bg5+ Kf5 0-1

[Event "CHN-RUS U14 rapid"]
[Site "Jinan"]
[Date "2019.12.12"]
[Round "4.6"]
[White "Chen, Yuan1"]
[Black "Averyanov, Grigori"]
[Result "0-1"]
[WhiteElo "2056"]
[BlackElo "2274"]
[PlyCount "140"]
[EventDate "2019.12.12"]
[EventType "team-schev (rapid)"]
[EventRounds "8"]
[EventCountry "CHN"]
[SourceTitle "CBM 193 Extra"]
[Source "ChessBase"]
[SourceDate "2020.01.31"]
[SourceVersion "1"]
[SourceVersionDate "2020.01.31"]
[SourceQuality "1"]
[WhiteTeam "China"]
[BlackTeam "Russia"]
[WhiteTeamCountry "CHN"]
[BlackTeamCountry "RUS"]

1. Nf3 Nf6 2. g3 e6 3. Bg2 d5 4. 0-0 b5 5. d4 Bb7 6. c3 Nbd7 7. Bf4 c5 8. Nbd2 Be7 9. Ne5 0-0 10. Nxd7 Qxd7 11. Bg5 cxd4 12. cxd4 h6 13. Bxf6 Bxf6 14. e3 Be7 15. Rc1 Rfc8 16. Nb3 b4 17. Nc5 Bxc5 18. dxc5 Qb5 19. Qd4 a5 20. Rc2 Bc6 21. Rd1 a4 22. e4 e5 23. Qxe5 Re8 24. Qd4 dxe4 25. Qe3 Rad8 26. Rcd2 Rxd2 27. Rxd2 Qc4 28. h4 Qxa2 29. Qd4 a3 30. bxa3 Qxa3 31. Rb2 b3 32. Qc3 Bd5 33. c6 Rc8 34. c7 Qd6 35. Rd2 Qe6 36. Qc5 Bb7 37. Rd8+ Kh7 38. Rxc8 Bxc8 39. Qb4 f5 40. Qb8 Bd7 41. Kh2 Bc8 42. Bf1 Qd7 43. Qxb3 Qxc7 44. Qd5 Qb6 45. Qd2 Be6 46. Qf4 Qb2 47. Bh3 Kg6 48. g4 Qb5 49. h5+ Kf6 50. gxf5 Bxf5 51. Qd6+ Kf7 52. Qf4 Kf6 53. Qd6+ Kg5 54. Qe7+ Kxh5 55. Qxg7 Bxh3 56. Kxh3 Qf5+ 57. Kg2 Qg4+ 58. Qxg4+ Kxg4 59. Kg1 Kf3 60. Kf1 h5 61. Kg1 h4 62. Kf1 h3 63. Kg1 h2+ 64. Kh1 Kxf2 65. Kxh2 e3 66. Kh1 e2 67. Kh2 e1Q 68. Kh3 Kf3 69. Kh2 Qg3+ 70. Kh1 Qg2# 0-1

[Event "Eurasia Cup op"]
[Site "Ekaterinburg"]
[Date "2019.08.08"]
[Round "8"]
[White "Kotlyar, Kirill"]
[Black "Averyanov, Grigori"]
[Result "1-0"]
[WhiteElo "2387"]
[BlackElo "2131"]
[PlyCount "103"]
[EventDate "2019.07.31"]
[EventType "swiss"]
[EventRounds "9"]
[EventCountry "RUS"]
[SourceTitle "CBM 191 Extra"]
[Source "ChessBase"]
[SourceDate "2019.09.30"]
[SourceVersion "1"]
[SourceVersionDate "2019.09.30"]
[SourceQuality "1"]

1. Nf3 Nf6 2. d4 e6 3. c4 Bb4+ 4. Nbd2 d5 5. Qa4+ Nc6 6. Ne5 Bd7 7. Nxd7 Qxd7 8. e3 Ne4 9. Qc2 0-0-0 10. Bd3 Bxd2+ 11. Bxd2 Nxd2 12. Qxd2 e5 13. 0-0 exd4 14. exd4 dxc4 15. Bxc4 Nxd4 16. Qa5 Kb8 17. Rfd1 Qg4 18. Rdc1 Nc2 19. Bd5 Qf5 20. Qc3 Rxd5 21. Rxc2 Qd7 22. Re2 f6 23. Rae1 Rd1 24. Rxd1 Qxd1+ 25. Re1 Qd7 26. Qe3 Rd8 27. h4 a6 28. Qe7 Qd2 29. Re2 Qc1+ 30. Kh2 Rd4 31. g3 Rd1 32. Qxg7 Rh1+ 33. Kg2 Qc6+ 34. Re4 Rxh4 35. gxh4 Qxe4+ 36. Kg3 Qg6+ 37. Qxg6 hxg6 38. Kg4 Kc8 39. f4 Kd7 40. f5 g5 41. hxg5 fxg5 42. Kxg5 Ke7 43. Kg6 Kf8 44. a4 b6 45. Kf6 c5 46. Ke6 b5 47. axb5 axb5 48. Kd5 c4 49. Kc5 Ke7 50. Kxb5 Kf6 51. Kxc4 Kxf5 52. Kd5 1-0

[Event "Eurasia Cup op"]
[Site "Ekaterinburg"]
[Date "2019.08.01"]
[Round "2"]
[White "Postnikov, Daniil"]
[Black "Averyanov, Grigori"]
[Result "1/2-1/2"]
[WhiteElo "2354"]
[BlackElo "2131"]
[PlyCount "46"]
[EventDate "2019.07.31"]
[EventType "swiss"]
[EventRounds "9"]
[EventCountry "RUS"]
[SourceTitle "CBM 191 Extra"]
[Source "ChessBase"]
[SourceDate "2019.09.30"]
[SourceVersion "1"]
[SourceVersionDate "2019.09.30"]
[SourceQuality "1"]

1. e4 c5 2. Nf3 d6 3. d4 cxd4 4. Nxd4 Nf6 5. Nc3 Nc6 6. Bg5 e6 7. Qd2 a6 8. 0-0-0 h6 9. Nxc6 bxc6 10. Bf4 d5 11. Qe3 Bb4 12. Be2 0-0 13. e5 Nh7 14. h4 Qa5 15. Rh3 Bc5 16. Qg3 Kh8 17. Bd3 Rb8 18. Bxh6 gxh6 19. Bxh7 Kxh7 20. Qd3+ Kh8 21. Qd2 Kh7 22. Qd3+ Kh8 23. Qd2 Kh7 1/2-1/2

[Event "RUS-ch rapid"]
[Site "Sochi"]
[Date "2018.10.05"]
[Round "1.35"]
[White "Averyanov, Grigori"]
[Black "Shcherbakov, Ruslan"]
[Result "0-1"]
[WhiteElo "2094"]
[BlackElo "2516"]
[PlyCount "62"]
[EventDate "2018.10.05"]
[EventType "swiss (rapid)"]
[EventRounds "11"]
[EventCountry "RUS"]
[SourceTitle "CBM 186 Extra"]
[Source "ChessBase"]
[SourceDate "2018.08.24"]
[SourceVersion "1"]
[SourceVersionDate "2018.08.24"]
[SourceQuality "1"]

1. Nf3 Nf6 2. g3 b5 3. Bg2 Bb7 4. a4 b4 5. a5 e6 6. 0-0 Be7 7. c3 Na6 8. d4 0-0 9. Bf4 Qc8 10. cxb4 Nxb4 11. Nc3 Nbd5 12. Nxd5 Nxd5 13. Bd2 Rb8 14. Re1 Nf6 15. Bc3 Be4 16. Nd2 Bxg2 17. Kxg2 d5 18. Rc1 Rb5 19. Nf3 Qb7 20. Ne5 c5 21. Kg1 Ne4 22. f3 Nxc3 23. bxc3 Rxa5 24. Qd3 Rb5 25. Rb1 c4 26. Rxb5 Qxb5 27. Qb1 Qa4 28. Qb7 Bd6 29. Nc6 Qc2 30. Qd7 Qxc3 31. Rf1 Qa3 0-1

[Event "Moscow op-A 14th"]
[Site "Moscow"]
[Date "2018.01.29"]
[Round "3"]
[White "Sokolov, Ilia"]
[Black "Averyanov, Grigori"]
[Result "0-1"]
[WhiteElo "1878"]
[BlackElo "2114"]
[PlyCount "42"]
[EventDate "2018.01.27"]
[EventType "swiss"]
[EventRounds "9"]
[EventCountry "RUS"]
[SourceTitle "CBM 182 Extra"]
[Source "ChessBase"]
[SourceDate "2018.02.23"]
[SourceVersion "1"]
[SourceVersionDate "2018.02.23"]
[SourceQuality "1"]

1. Nf3 Nf6 2. c4 c6 3. g3 d5 4. Bg2 Bg4 5. 0-0 Nbd7 6. d4 e6 7. b3 Bd6 8. Ba3 Bxa3 9. Nxa3 0-0 10. b4 Qe7 11. c5 e5 12. Nc2 a5 13. a3 axb4 14. axb4 Rxa1 15. Qxa1 e4 16. Ne5 Bxe2 17. Re1 Bb5 18. f3 Re8 19. fxe4 dxe4 20. Qa2 Nxe5 21. Bxe4 Nxe4 0-1

[Event "St Petersburg Summer op"]
[Site "St Petersburg"]
[Date "2017.08.22"]
[Round "7"]
[White "Levdansky, Alexey"]
[Black "Averyanov, Grigori"]
[Result "1/2-1/2"]
[WhiteElo "1928"]
[BlackElo "2158"]
[PlyCount "93"]
[EventDate "2017.08.16"]
[EventType "swiss"]
[EventRounds "9"]
[EventCountry "RUS"]
[SourceTitle "CBM 180 Extra"]
[Source "ChessBase"]
[SourceDate "2017.10.06"]
[SourceVersion "1"]
[SourceVersionDate "2017.10.06"]
[SourceQuality "1"]

1. c4 Nf6 2. Nf3 e6 3. g3 d5 4. d4 dxc4 5. Qa4+ Nbd7 6. Bg2 a6 7. Qxc4 b5 8. Qc6 Rb8 9. Bf4 Bb7 10. Qxc7 Bb4+ 11. Nbd2 Qxc7 12. Bxc7 Rc8 13. Bf4 Rc2 14. 0-0 Rxb2 15. Rab1 Rxb1 16. Rxb1 Be7 17. a4 Nd5 18. axb5 Nxf4 19. gxf4 axb5 20. Rxb5 Ba6 21. Ra5 Bxe2 22. Ra8+ Bd8 23. Ne5 Nxe5 24. fxe5 0-0 25. d5 exd5 26. Bxd5 Bg5 27. Rxf8+ Kxf8 28. Nf3 Bf4 29. Nd4 Bg4 30. e6 f6 31. Kg2 Bd6 32. f3 Bh5 33. e7+ Kxe7 34. Nf5+ Kd7 35. Nxg7 Bg6 36. Be4 Be5 37. Nf5 Ke6 38. Nh4 Bxe4 39. fxe4 Bxh2 40. Kxh2 Ke5 41. Kg3 Kxe4 42. Kg4 Ke5 43. Nf3+ Ke6 44. Kf4 h5 45. Nh4 Ke7 46. Kf5 Kf7 47. Nf3 1/2-1/2

[Event "St Petersburg Summer op"]
[Site "St Petersburg"]
[Date "2017.08.21"]
[Round "6"]
[White "Averyanov, Grigori"]
[Black "Zemnitskiy, Alexander"]
[Result "0-1"]
[WhiteElo "2158"]
[BlackElo "1990"]
[PlyCount "50"]
[EventDate "2017.08.16"]
[EventType "swiss"]
[EventRounds "9"]
[EventCountry "RUS"]
[SourceTitle "CBM 180 Extra"]
[Source "ChessBase"]
[SourceDate "2017.10.06"]
[SourceVersion "1"]
[SourceVersionDate "2017.10.06"]
[SourceQuality "1"]

1. d4 d5 2. c4 dxc4 3. e3 e5 4. Bxc4 exd4 5. exd4 Nf6 6. Nc3 Nc6 7. Nge2 h6 8. h3 Bd6 9. 0-0 0-0 10. Be3 Bf5 11. a3 a6 12. b4 Qd7 13. Qd2 Rfe8 14. d5 Ne5 15. Bb3 Bxh3 16. f4 Qg4 17. Nd4 Nc4 18. Bxc4 Rxe3 19. Ra2 Bxg2 20. Qxe3 Bxd5+ 21. Kh2 Bxc4 22. Re2 Bxe2 23. Ncxe2 Re8 24. Qf2 Qh5+ 25. Kg2 Ng4 0-1